00772nam a2200193 i 4500001000300000100002700003245010800030260003400138300003500172490006200207504005400269650003300323830005000356040000800406041001300414080001200427008004100439856009800480bg1 aSZAFLARSKI, Aleksander10aDwustronnie zasilana maszyna pierścieniowa w warunkach pracy synchronicznej /cAleksander Szaflarski. aPoznań :bWydaw. PP,c1997. a139, [1] s. :bwykr. ;c24 cm.1 aRozprawy / Politechnika Poznańska,x0551-6528 ;vNr 322 aBibliogr. s. 126-136. - Streszcz., summ., indeks. 9aMaszyny elektrycznexbadanie 0aRozprawy (Politechnika Poznańska) ;vNr 322 cBPK0 aplbenpl a621.313 s pl f |000 0 pol  uhttp://koha.tu.koszalin.pl/cgi-bin/koha/opac-detail.pl?biblionumber=32611yKatalog online BPK